[Event "GER-ch Youth ODJM 2019"]
[Site "Willingen"]
[Date "2019.06.15"]
[Round "9.13"]
[White "Doll, Alexander"]
[Black "Gallasch, Robin"]
[Result "1/2-1/2"]
[WhiteElo "1991"]
[BlackElo "1889"]
[Annotator "NA"]
[PlyCount "87"]
[EventDate "2019.06.07"]
[EventType "swiss"]
[EventRounds "9"]
[EventCountry "GER"]
[SourceTitle "playchess.com"]
[Source "ChessBase"]
[SourceQuality "1"]
[TimeControl "40/5400+30:1800+30"]

1. e4 {[%emt 0:00:00]} c6 {[%emt 0:00:00]} 2. c3 {[%emt 0:00:00]} d5 {[%emt 0:00:00]} 3. exd5 {[%emt 0:00:00]} cxd5 {[%emt 0:00:00]} 4. Nf3 {[%emt 0:00:00]} Nc6 {[%emt 0:00:01]} 5. d4 {[%emt 0:00:09]} Qc7 {[%emt 0:00:09]} 6. Na3 {[%emt 0:01:43]} a6 {[%emt 0:00:05]} 7. Nc2 {[%emt 0:00:50]} Nf6 {[%emt 0:00:28]} 8. Be2 {[%emt 0:01:15]} Bg4 {[%emt 0:02:00]} 9. O-O {[%emt 0:04:00]} e6 {[%emt 0:00:36]} 10. Nh4 {[%emt 0:01:55]} Bxe2 {[%emt 0:00:37]} 11. Qxe2 {[%emt 0:00:02]} Be7 {[%emt 0:00:58]} 12. Nf3 {[%emt 0:00:57]} O-O {[%emt 0:00:53]} 13. Nce1 {[%emt 0:01:00]} b5 {[%emt 0:01:23]} 14. a3 {[%emt 0:00:58]} Bd6 {[%emt 0:08:06]} 15. Bg5 {[%emt 0:07:22]} Ne4 {[%emt 0:00:45]} 16. g3 {[%emt 0:02:13]} Na5 {[%emt 0:03:17]} 17. Nd3 {[%emt 0:04:38]} Nc4 18. Bf4 {[%emt 0:06:46]} Bxf4 {[%emt 0:08:16]} 19. Nxf4 {[%emt 0:00:02]} a5 {[%emt 0:01:41]} 20. Nd3 {[%emt 0:05:44]} Rab8 {[%emt 0:07:15]} 21. Rae1 {[%emt 0:05:06]} Rfe8 {[%emt 0:01:41]} 22. Kg2 {[%emt 0:05:25]} f6 {[%emt 0:05:52]} 23. Rh1 {[%emt 0:04:01]} Re7 {[%emt 0:10:28]} 24. h4 {[%emt 0:03:55]} Rbe8 {[%emt 0:05:50]} 25. Nf4 {[%emt 0:02:41]} b4 {[%emt 0:04:23]} 26. cxb4 {[%emt 0:03:53]} axb4 {[%emt 0:00:41]} 27. axb4 {[%emt 0:00:58]} Qb6 {[%emt 0:01:01]} 28. Nd3 {[%emt 0:01:07]} Ncd6 {[%emt 0:06:35]} 29. Rc1 {[%emt 0:04:54]} Nf5 {[%emt 0:04:39]} 30. Nc5 {[%emt 0:04:42]} Qxb4 {[%emt 0:01:25]} 31. Nxe4 {[%emt 0:00:26]} dxe4 {[%emt 0:00:52]} 32. Qxe4 {[%emt 0:00:16]} Qxb2 {[%emt 0:01:38]} 33. Rc6 {[%emt 0:08:01]} Qb5 {[%emt 0:04:32]} 34. Re1 {[%emt 0:06:37]} Qd5 {[%emt 0:02:26]} 35. g4 {[%emt 0:02:54]} Qxe4 {[%emt 0:03:12]} 36. Rxe4 {[%emt 0:00:46]} Nh6 {[%emt 0:00:10]} 37. g5 {[%emt 0:04:08]} Nf5 {[%emt 0:01:51]} 38. gxf6 {[%emt 0:04:05]} gxf6 {[%emt 0:00:05]} 39. d5 {[%emt 0:00:27]} exd5 {[%emt 0:00:35]} 40. Rxe7 {[%emt 0:00:11]} Rxe7 {[%emt 0:00:16]} 41. Rxf6 {[%emt 0:31:51]} Rf7 {[%emt 0:30:17]} 42. Ra6 {[%emt 0:01:07]} Rd7 {[%emt 0:07:08]} 43. Rf6 {[%emt 0:03:51]} Rf7 {[%emt 0:00:47]} 44. Ra6 {[%emt 0:00:17] normal} 1/2-1/2

[Event "GER-ch Youth ODJM 2019"]
[Site "Willingen"]
[Date "2019.06.15"]
[Round "9.14"]
[White "Bajorski, Marius"]
[Black "Bargsten, Justus"]
[Result "1-0"]
[WhiteElo "1967"]
[BlackElo "1980"]
[Annotator "NA"]
[PlyCount "71"]
[EventDate "2019.06.07"]
[EventType "swiss"]
[EventRounds "9"]
[EventCountry "GER"]
[SourceTitle "playchess.com"]
[Source "ChessBase"]
[SourceQuality "1"]
[TimeControl "40/5400+30:1800+30"]

1. e4 {[%emt 0:00:00]} c5 {[%emt 0:00:00]} 2. Nf3 {[%emt 0:00:00]} d6 {[%emt 0:00:00]} 3. Bb5+ {[%emt 0:00:00]} Nd7 {[%emt 0:00:00]} 4. O-O {[%emt 0:00:02]} a6 {[%emt 0:00:00]} 5. Bd3 {[%emt 0:00:04]} Ngf6 {[%emt 0:00:00]} 6. Re1 {[%emt 0:00:15]} e5 {[%emt 0:00:00] unterminated} 7. c3 $11 {[%emt 0:03:55]} b5 {[%emt 0:01:41]} 8. Bc2 {[%emt 0:03:25]} g6 {[%emt 0:02:33]} 9. d4 {[%emt 0:01:05]} Qc7 {[%emt 0:00:06]} 10. Nbd2 {[%emt 0:01:33]} Bg7 {[%emt 0:00:11]} 11. Nf1 {[%emt 0:04:51]} O-O {[%emt 0:00:09]} 12. h3 {[%emt 0:00:46]} Re8 {[%emt 0:00:06]} 13. d5 {[%emt 0:01:11]} c4 {[%emt 0:02:09]} 14. a4 {[%emt 0:03:30]} Rb8 {[%emt 0:00:45]} 15. Ng3 {[%emt 0:05:40]} Nc5 {[%emt 0:01:13]} 16. Nh2 {[%emt 0:01:53]} h5 {[%emt 0:04:07]} 17. Bg5 {[%emt 0:05:29]} Nxa4 {[%emt 0:20:46]} 18. Bxa4 {[%emt 0:03:40]} bxa4 {[%emt 0:03:01]} 19. Bxf6 {[%emt 0:01:55]} Bxf6 {[%emt 0:00:13]} 20. Qxa4 {[%emt 0:00:15]} Bd7 {[%emt 0:00:25]} 21. Qc2 {[%emt 0:00:35]} a5 {[%emt 0:00:26]} 22. Ngf1 {[%emt 0:01:46]} Qb6 {[%emt 0:11:45]} 23. Ne3 {[%emt 0:04:26]} Rec8 {[%emt 0:01:45]} 24. Rab1 {[%emt 0:02:18]} Bg5 {[%emt 0:05:20]} 25. Nhf1 {[%emt 0:12:28]} a4 {[%emt 0:01:58]} 26. Nd2 {[%emt 0:10:12]} Bxe3 {[%emt 0:01:39]} 27. Rxe3 {[%emt 0:00:06]} a3 {[%emt 0:00:09]} 28. bxa3 {[%emt 0:00:59]} Qc5 {[%emt 0:00:25]} 29. Rb4 {[%emt 0:02:18]} f5 {[%emt 0:01:52]} 30. Re1 {[%emt 0:03:23]} Kf8 {[%emt 0:06:41]} 31. Rd1 {[%emt 0:04:48]} Qa7 {[%emt 0:00:41]} 32. Qb2 {[%emt 0:03:13]} Ke7 {[%emt 0:01:13]} 33. Rb1 {[%emt 0:01:57]} Ra8 {[%emt 0:01:51]} 34. Rb7 {[%emt 0:01:30]} Qxa3 {[%emt 0:00:26]} 35. Qb5 {[%emt 0:00:53]} Rd8 {[%emt 0:00:20]} 36. Nxc4 {[%emt 0:00:58] normal} 1-0

[Event "GER-ch Youth ODJM 2019"]
[Site "Willingen"]
[Date "2019.06.15"]
[Round "9.15"]
[White "Askerov, Imamali"]
[Black "Reimer, Philip"]
[Result "1/2-1/2"]
[WhiteElo "1986"]
[BlackElo "1891"]
[Annotator "NA"]
[PlyCount "73"]
[EventDate "2019.06.07"]
[EventType "swiss"]
[EventRounds "9"]
[EventCountry "GER"]
[SourceTitle "playchess.com"]
[Source "ChessBase"]
[SourceQuality "1"]
[TimeControl "40/5400+30:1800+30"]

1. e4 {[%emt 0:00:00]} c5 {[%emt 0:00:00]} 2. Nf3 {[%emt 0:00:00]} Nc6 {[%emt 0:00:00]} 3. d4 {[%emt 0:00:00]} cxd4 {[%emt 0:00:00]} 4. Nxd4 {[%emt 0:00:03]} Nf6 {[%emt 0:00:00]} 5. Nc3 {[%emt 0:00:07]} e5 {[%emt 0:00:00] unterminated} 6. Ndb5 $14 {[%emt 0:01:21]} d6 {[%emt 0:00:00]} 7. Bg5 {[%emt 0:07:41]} a6 {[%emt 0:00:02]} 8. Na3 {[%emt 0:00:05]} b5 {[%emt 0:00:05]} 9. Nd5 {[%emt 0:00:05]} Be7 {[%emt 0:00:03]} 10. Bxf6 {[%emt 0:00:18]} Bxf6 {[%emt 0:00:01]} 11. c3 {[%emt 0:00:44]} O-O {[%emt 0:00:10]} 12. Nc2 {[%emt 0:00:22]} Bg5 {[%emt 0:00:05]} 13. Bd3 {[%emt 0:00:17]} Be6 {[%emt 0:00:49]} 14. Nce3 {[%emt 0:00:38]} Kh8 {[%emt 0:02:26]} 15. O-O {[%emt 0:09:05]} g6 {[%emt 0:04:29]} 16. a4 {[%emt 0:11:04]} Rb8 {[%emt 0:08:14]} 17. Qe2 {[%emt 0:06:16]} Bxe3 {[%emt 0:05:52]} 18. Nxe3 {[%emt 0:03:40]} Qb6 {[%emt 0:06:33]} 19. axb5 {[%emt 0:07:15]} axb5 {[%emt 0:00:06]} 20. Kh1 {[%emt 0:01:34]} f5 {[%emt 0:05:47]} 21. f3 {[%emt 0:19:11]} Qb7 {[%emt 0:20:39]} 22. Rfd1 {[%emt 0:03:55]} f4 {[%emt 0:03:19]} 23. Nc2 {[%emt 0:01:46]} g5 {[%emt 0:05:28]} 24. Na3 {[%emt 0:05:43]} b4 {[%emt 0:02:20]} 25. Ba6 {[%emt 0:03:47]} Qe7 {[%emt 0:03:13]} 26. Nc4 {[%emt 0:07:00]} Rf6 {[%emt 0:03:21]} 27. Nxd6 {[%emt 0:04:57]} Bb3 {[%emt 0:01:31]} 28. Nf5 {[%emt 0:02:03]} Bxd1 {[%emt 0:00:05]} 29. Rxd1 {[%emt 0:00:58]} Qc7 {[%emt 0:09:01]} 30. Bb5 {[%emt 0:02:49]} bxc3 {[%emt 0:02:09]} 31. bxc3 {[%emt 0:00:28]} Qb6 {[%emt 0:03:10]} 32. Bc4 {[%emt 0:01:20]} Rd8 {[%emt 0:01:00]} 33. Bd5 {[%emt 0:00:34]} Qc5 {[%emt 0:02:28]} 34. Bxc6 {[%emt 0:01:01]} Rb8 {[%emt 0:03:10]} 35. Bd5 {[%emt 0:00:30]} Qxc3 {[%emt 0:00:25]} 36. h3 {[%emt 0:00:47] normal} Rd8 {[%emt 0:02:17]} 37. Ba2 {[%emt 0:00:31] normal} 1/2-1/2

[Event "GER-ch Youth ODJM 2019"]
[Site "Willingen"]
[Date "2019.06.15"]
[Round "9.16"]
[White "Beesk, Kevin"]
[Black "Kamp, Adrian"]
[Result "1-0"]
[WhiteElo "1935"]
[BlackElo "1865"]
[Annotator "NA"]
[PlyCount "42"]
[EventDate "2019.06.07"]
[EventType "swiss"]
[EventRounds "9"]
[EventCountry "GER"]
[SourceTitle "playchess.com"]
[Source "ChessBase"]
[SourceQuality "1"]
[TimeControl "40/5400+30:1800+30"]

1. d4 {[%emt 0:00:00]} Nf6 {[%emt 0:00:00]} 2. Bf4 {[%emt 0:00:00]} g6 {[%emt 0:00:18]} 3. Nc3 {[%emt 0:00:00]} d5 {[%emt 0:00:23]} 4. e3 {[%emt 0:00:00]} Bg7 {[%emt 0:00:41] unterminated} 5. h4 $11 {[%emt 0:00:00]} h5 {[%emt 0:03:43]} 6. Nb5 {[%emt 0:00:28]} Na6 {[%emt 0:01:02]} 7. Nf3 {[%emt 0:00:40]} O-O {[%emt 0:06:42]} 8. Ne5 {[%emt 0:03:27]} c5 {[%emt 0:05:04]} 9. c3 {[%emt 0:01:09]} Nd7 {[%emt 0:03:29]} 10. Be2 {[%emt 0:05:35]} Nxe5 {[%emt 0:07:00]} 11. dxe5 {[%emt 0:00:17]} Be6 {[%emt 0:08:12]} 12. g4 {[%emt 0:04:28]} hxg4 {[%emt 0:03:32]} 13. h5 {[%emt 0:01:50]} gxh5 {[%emt 0:06:47]} 14. Rxh5 {[%emt 0:00:25]} Qd7 {[%emt 0:02:13]} 15. Qc2 {[%emt 0:44:03]} f5 {[%emt 0:02:13]} 16. exf6 {[%emt 0:00:53]} Rxf6 {[%emt 0:01:09]} 17. O-O-O {[%emt 0:12:46]} Kf7 {[%emt 0:11:13]} 18. Rdh1 {[%emt 0:01:48]} Rd8 {[%emt 0:12:55]} 19. a4 {[%emt 0:00:33]} Bf5 {[%emt 0:05:50]} 20. Bd3 {[%emt 0:01:26]} Bxd3 {[%emt 0:00:51]} 21. Qxd3 {[%emt 0:00:09]} c4 {[%emt 0:00:18] normal} 1-0